000 00332nam a2200133Ia 4500
008 240624s9999 xx 000 0 und d
041 _aeng
082 _a150 SIS
100 _aSISRELI SAUNDRA K
245 _aMANASSHASHTRA
260 _c2008
_aNew Delhi
_bPearson Longman
300 _axiii, : 270 : p. : cm. ; 23
365 _cRS
_b36
999 _c11334
_d11334